| 000 | 00621nam a2200253Ia 4500 | ||
|---|---|---|---|
| 001 | 42651 | ||
| 005 | 20240114003515.0 | ||
| 007 | ta | ||
| 008 | 170530s ii g b000 u 903 u | ||
| 040 | _aCotton College,Assam | ||
| 041 | _a903 | ||
| 082 |
_a521.1 _bK 143 D |
||
| 100 | _aKar, J.M. | ||
| 245 | 0 |
_aDynamics / _cJ.M. Kar. _hTextual Documents |
|
| 260 |
_aCalcutta : _bThe Globe Library , _c1952. |
||
| 300 |
_a326p ; _c21cm. |
||
| 653 | _aT/G-Dynamics | ||
| 653 | _aMathematics | ||
| 653 | _aT/G- Mathematics | ||
| 942 |
_2ddc _cBK |
||
| 999 |
_c42617 _d42617 |
||